Statistiken für Städte Amerikas - Bilderquiz

Klicken Sie hier um das Quiz zu spielen!

Allgemein

  • Dieses Quiz wurde 81 mal gespielt
  • Das Durchschnittsergebnis liegt bei 11 aus 24

Antwortstatistiken

Antwort% Korrekt
New York
94%
Washington D.C.
94%
Las Vegas
79%
Rio de Janeiro
71%
Buenos Aires
61%
Bogota
60%
Mexiko-Stadt
60%
Toronto
60%
Havanna
53%
Caracas
49%
Dallas
47%
Vancouver
44%
Kingston
43%
Quito
42%
Brasilia
36%
Philadelphia
35%
Montreal
33%
Panama-Stadt
32%
St Louis
29%
Santo Domingo
19%
Medellin
11%
Cusco
10%
Manaus
10%
Cancun
8%

Verteilung der Resultate

Perzentil nach korrekt beantworteten Fragen

Anzahl Personen mit jedem Resultat

Ihre Resultats-Entwicklung

Sie haben dieses Quiz noch nicht gespielt